Statistics for Chris Jericho Trivia

Click here to take the quiz!

General Stats

  • This quiz has been taken 132 times
  • The average score is 16 of 24

Answer Stats

HintAnswer% Correct
The Rock
89%
Whose promo did Jericho interrupt during his WWF debut?The Rock
89%
What similar move did he use as a finisher in WWE?Walls of Jericho
89%
Jericho performs lead vocals for what band?Fozzy
88%
How many times has Jericho won the Intercontinental Championship in WWE?9
85%
For whom did Jericho throw a "Festival of Friendship" in 2016?Kevin Owens
84%
Who did Jericho call a "filthy, dirty, disgusting, brutal, bottom-feeding trash bag ho?"Stephanie McMahon
84%
His father was a professional athlete in what sport?hockey
82%
Complete the catchphrase: "That's it! You just ____ ___ ____!"made the list
79%
What new nickname did Jericho take for himself when he debuted in the WWF?Y2J
74%
Who did Jericho assault in his interview segment, smashing them head-first into his "Jeritron 6000" television screen?Shawn Michaels
73%
Which two superstars did Jericho defeat in the same night in order to become the first Undisputed WWF Champion?Stone Cold Steve Austin
73%
Who was Jericho feuding with in WCW when he claimed to be the "Man of 1,004 Holds?"Dean Malenko
68%
What submission move did Jericho use as a finisher in WCW?Liontamer
67%
What is Chris Jericho's real name?Chris Irvine
66%
In 1999-2000, Jericho became co-holder of the Intercontinental Championship with what other wrestler?Chyna
65%
What is the name of Jericho's interview segment that sometimes took place during Raw or Smackdown?The Highlight Reel
65%
Who did Jericho challenge at New Japan Pro Wrestling's Wrestle Kingdom 12?Kenny Omega
61%
Who did Jericho challenge for the WWE Championship at Wrestlemania 28?CM Punk
55%
What is the name of Chris Jericho's podcast?Talk is Jericho
55%
Which future WCW and WWE wrestler did Jericho meet and befriend on his first day of training?Lance Storm
44%
Who overturned Jericho's victory over Triple H in 2000 that would have resulted in his first WWF Championship reign?Earl Hebner
38%
Which rookie did Jericho mentor during the first season of NXT?Wade Barrett
37%
Who was Jericho's partner on the show Dancing with the Stars?Cheryl Burke
11%

Score Distribution

Percentile by Number Answered

Percent of People with Each Score

Your Score History

You have not taken this quiz